Textbook of Pathology & Genetics for Nurses (Record no. 969)

MARC details
000 -LEADER
Fixed length control field 00726nam a2200253Ia 4500
003 - CONTROL NUMBER IDENTIFIER
Control field IIN
005 - DATE AND TIME OF LATEST TRANSACTION
Control field 20251124121041.0
008 - FIXED-LENGTH DATA ELEMENTS--GENERAL INFORMATION
Fixed length control field 231217s9999 xx 000 0 und d
020 ## - INTERNATIONAL STANDARD BOOK NUMBER / ISBN
Price Rs.595.00
International Standard Book Number 9788131255377
040 ## - CATALOGING SOURCE
Original cataloging agency IIN
Language of cataloging English
082 ## - DEWEY DECIMAL CLASSIFICATION NUMBER
Classification number 616.07
Book Number SHA
100 1# - MAIN ENTRY--PERSONAL NAME
Personal name Sharma, Sonal
245 1# - TITLE STATEMENT
Title Textbook of Pathology & Genetics for Nurses
Statement of responsibility by Sonal Sharma, Geetika Khanna Bhattacharya and S. D. Gangane
250 ## - EDITION STATEMENT
Edition statement 2nd ed
260 ## - IMPRINT
Name of publisher Elsevier
Place of publication New Delhi
Date of publication 2019
300 ## - PHYSICAL DESCRIPTION
Page / Vol. No viii, 442 p.
Other physical details ill.; Paperback
500 ## - GENERAL NOTE
General note Includes Index
650 1# - SUBJECT ADDED ENTRY--TOPICAL TERM
Topical term Pathology
650 1# - SUBJECT ADDED ENTRY--TOPICAL TERM
Topical term Genetics
653 1# - INDEX TERM--UNCONTROLLED
Uncontrolled term Pharma
700 1# - ADDED ENTRY--PERSONAL NAME
Personal name Bhattacharya , Geetika Khanna
700 1# - ADDED ENTRY--PERSONAL NAME
Personal name Gangane, S. D.
942 ## - ADDED ENTRY ELEMENTS (KOHA)
Koha item type Books
Holdings
Withdrawn status Lost status Source of classification Damaged status Not for loan Collection code Home library Current library Date acquired Price Total Checkouts Call number Accession number Date last seen Date checked out Price effective from Koha item type Shelving location
    Dewey Decimal Classification       IDEAL INSTITUTE OF NURSING IDEAL INSTITUTE OF NURSING 17/12/2023 595.00 1 616.07 SHA 963 09/09/2025 03/04/2025 17/12/2023 Books  
    Dewey Decimal Classification       IDEAL INSTITUTE OF NURSING IDEAL INSTITUTE OF NURSING 17/12/2023 595.00   616.07 SHA 964 17/12/2023   17/12/2023 Books  
    Dewey Decimal Classification       IDEAL INSTITUTE OF NURSING IDEAL INSTITUTE OF NURSING 17/12/2023 595.00   616.07 SHA 965 17/12/2023   17/12/2023 Books  
    Dewey Decimal Classification       IDEAL INSTITUTE OF NURSING IDEAL INSTITUTE OF NURSING 17/12/2023 595.00   616.07 SHA 966 17/12/2023   17/12/2023 Books  
    Dewey Decimal Classification       IDEAL INSTITUTE OF NURSING IDEAL INSTITUTE OF NURSING 17/12/2023 595.00   616.07 SHA 967 17/12/2023   17/12/2023 Books  
    Dewey Decimal Classification       IDEAL INSTITUTE OF NURSING IDEAL INSTITUTE OF NURSING 17/12/2023 595.00   616.07 SHA 968 17/12/2023   17/12/2023 Books  
    Dewey Decimal Classification       IDEAL INSTITUTE OF NURSING IDEAL INSTITUTE OF NURSING 17/12/2023 595.00   616.07 SHA 969 17/12/2023   17/12/2023 Books  
    Dewey Decimal Classification       IDEAL INSTITUTE OF NURSING IDEAL INSTITUTE OF NURSING 17/12/2023 595.00   616.07 SHA 970 17/12/2023   17/12/2023 Books  
    Dewey Decimal Classification       IDEAL INSTITUTE OF NURSING IDEAL INSTITUTE OF NURSING 17/12/2023 595.00   616.07 SHA 971 17/12/2023   17/12/2023 Books  
    Dewey Decimal Classification       IDEAL INSTITUTE OF NURSING IDEAL INSTITUTE OF NURSING 17/12/2023 595.00   616.07 SHA 972 17/12/2023   17/12/2023 Books  
    Dewey Decimal Classification     Purches Book IDEAL INSTITUTE OF NURSING IDEAL INSTITUTE OF NURSING 11/04/2025 785.00   616.07 SHA 1774 24/11/2025   24/11/2025 Books General Stacks
    Dewey Decimal Classification     Purches Book IDEAL INSTITUTE OF NURSING IDEAL INSTITUTE OF NURSING 11/04/2025 785.00   616.07 SHA 1775 24/11/2025   24/11/2025 Books General Stacks
    Dewey Decimal Classification     Purches Book IDEAL INSTITUTE OF NURSING IDEAL INSTITUTE OF NURSING 11/04/2025 785.00   616.07 SHA 1776 24/11/2025   24/11/2025 Books General Stacks
© Ideal Institute Of Nursing, All rights reserved.         Powered by Koha